The queen of the night /

محفوظ في:

المؤلف الرئيسي: Collon, Dominique (مؤلف)

مؤلف مشترك: British Museum.

التنسيق: كتاب

اللغة: English

سلاسل: British Museum objects in focus.

الموضوعات:

الوسوم: إضافة وسم

لا توجد وسوم, كن أول من يضع وسما على هذه التسجيلة!

رقم الطلب: ( P )N5370 .C65 2005

LEADER 01122namaa2200337 4500
001 18003
003 OSt
005 20201117112926.0
008 130303s2005 enkab g b 000 0 eng d
952 |0 0  |1 0  |2 lcc  |4 0  |7 1  |9 7689  |a ARCE  |b ARCE  |d 2020-11-17  |l 0  |o ( P )N5370 .C65 2005  |p 1028807  |r 2020-11-17 00:00:00  |w 2020-11-17  |y BK 
999 |c 15802  |d 15802 
010 |a 2006284970 
020 |a 0714150436 
040 |c ARCE Library 
043 |a a-iq---  |a e-uk-en 
050 0 4 |a ( P )N5370 .C65 2005 
100 1 |a Collon, Dominique,  |e author 
245 1 4 |a The queen of the night /  |c by Dominique Collon. 
264 1 |a London :  |b The British Museum Press,   |c c2005. 
300 |a 47 pages :  |b illustrations (chiefly color), color maps ;  |c 21 cm. 
336 |a text  |b txt  |2 rdacontent 
337 |a unmediated  |b n  |2 rdamedia 
338 |a volume  |b nc  |2 rdacarrier 
490 0 |a British Museum objects in focus. 
504 |a Includes bibliographical references. 
650 0 |a Relief (Art)  |z Iraq. 
650 0 |a Relief (Art)  |z England  |z London. 
651 0 |a Iraq  |x Antiquities. 
710 2 |a British Museum. 
901 |a reviewed 
942 |c BK  |2 lcc